000 00391nam a2200169Ia 4500
001 20223
003 IN-NITTTR
005 20251114233232.0
008 251113s9999||||xx |||||||||||||| ||eng||
040 _beng
040 _cIN-NITTTR
041 _aeng
082 _a624.1856 C264C
100 _aCooke, T. H.
245 0 _aConcrete pumping and spraying. /
_cCooke, T. H.
942 _2ddc
_cBK
999 _c22857
_d22857